LEADER 00939nam0 2200289 450 001 000031497 005 20170607132624.0 010 $a3-540-66321-5 100 $a20170607d2000----km-y0itay50------ba 101 0 $aeng 102 $aDE 105 $ay-------001yy 200 1 $aMatrix iterative analysis$fRichard S. Varga 205 $a2. revised and expanded ed. 210 $aBerlin [etc.]$cSpringer$d2000 215 $aX, 358 p.$d24 cm 225 2 $aSpringer series in computational mathematics$v27 410 0$12001$aSpringer series in computational mathematics$v27 500 10$aMatrix iterative analysis$932742 610 1 $aMatrici$aMatematica 676 $a512.9$v14$9Fondamenti dell'algebra 700 1$aVarga,$bRichard S.$013871 801 0$aIT$bUNIPARTHENOPE$c20170607$gREICAT$2UNIMARC 912 $a000031497 951 $aM 512.5/24$bM s. i.$cDSA$d2017 996 $aMatrix iterative analysis$932742 997 $aUNIPARTHENOPE